LEADER 01107nam--2200361---450- 001 990003689730203316 005 20120920100820.0 035 $a000368973 035 $aUSA01000368973 035 $a(ALEPH)000368973USA01 035 $a000368973 100 $a20120920d1952----km-y0itay50------ba 101 $aita 102 $aIT 105 $a||||||||001yy 200 1 $aRisanamento igienico dei locali umidi$erimedi pratici per i vasi ...$ecentocinquantatrè illustrazioni originali e dioagrammi$fGiovanni Massari 210 $aMilano$cU. Hoepli$d1952 215 $aX, 298 p.$d25 cm 410 0$12001 454 1$12001 461 1$1001-------$12001 606 0 $aEdifici$xImpermeabilizzazione$2BNCF 676 $a693.8 700 1$aMASSARI,$bGiovanni$01328 801 0$aIT$bsalbc$gISBD 912 $a990003689730203316 951 $a693.8 MAS 1$b22237 Ing.$c693.8 MAS$d00058577 959 $aBK 969 $aTEC 979 $aFIORELLA$b90$c20120920$lUSA01$h1005 979 $aFIORELLA$b90$c20120920$lUSA01$h1008 996 $aRisanamento igienico dei locali umidi$9106649 997 $aUNISA LEADER 01327nam--2200373---450- 001 990002767680203316 005 20061026161905.0 035 $a000276768 035 $aUSA01000276768 035 $a(ALEPH)000276768USA01 035 $a000276768 100 $a20060627d1980----km-y0itay50------ba 101 0 $aita 102 $aIT 105 $a||||||||001yy 200 1 $a<> sequestri di persona a scopo di estorsione terrorismo od eversione$e(artt. 2, 9 ter e 10 d.l. 21 marzo 1978 n. 59, convertito con modificazioni nella l. 18 marzo 1978 n. 191)$fAndrea Antonio Dalia$gappendice a cura di G. Conso 210 $aMilano$cGiuffrè$d1980 215 $a219 p.$d24 cm 225 2 $a<> legislazione dell'emergenza$v5 410 0$12001$a<> legislazione dell'emergenza$v5 606 0 $aDiritto alla difesa 606 0 $aSequestro di persona$yItalia$iLegislazione 676 $a345.450254 700 1$aDALIA,$bAndrea Antonio$0226815 702 1$aCONSO,$bGiovanni 801 0$aIT$bsalbc$gISBD 912 $a990002767680203316 951 $aST. D Coll. D$b43 DDPG$cST. D 959 $aBK 969 $aDDPG 979 $aDDPG1$b90$c20060627$lUSA01$h1252 979 $aDDPG1$b90$c20061026$lUSA01$h1619 996 $aSequestri di persona a scopo di estorsione terrorismo od eversione$9621759 997 $aUNISA